000 00260nam a2200109Ia 4500
008 231212s1984 xx 000 0 und d
041 _aeng
082 _a621.3841
100 _aDeshmukh B.H.
245 _aElements Of Electrical
260 _aPune
_bTata Mc
_c1984
999 _c959159
_d959159